[Event "Stay Safe Play From Home 196"]
[Site "T#646541Emanuel Laske"]
[Date "2020.06.03"]
[Round "3"]
[White "Bigwig911"]
[Black "Matanant"]
[Result "1-0"]
[WhiteElo "1432"]
[BlackElo "1715"]
[Annotator "NA RC"]
[PlyCount "73"]
[EventDate "2020.06.03"]
[EventType "swiss (blitz)"]

1. d4 {[%emt 0:00:01]} e6 {[%emt 0:00:17]} 2. Nf3 {[%emt 0:00:01]} Nf6 {[%emt 0:00:01]} 3. Bg5 {[%emt 0:00:01]} d5 {[%emt 0:00:01]} 4. c4 {[%emt 0:00:01]} Be7 {[%emt 0:00:01]} 5. Nc3 {[%emt 0:00:01]} O-O {[%emt 0:00:02]} 6. e3 {[%emt 0:00:01]} c6 {[%emt 0:00:02]} 7. cxd5 {[%emt 0:00:01]} exd5 {[%emt 0:00:01]} 8. Bd3 {[%emt 0:00:01]} Bg4 {[%emt 0:00:01]} 9. O-O {[%emt 0:00:01]} Ne4 {[%emt 0:00:02]} 10. Bxe7 {[%emt 0:00:01]} Qxe7 {[%emt 0:00:01]} 11. Be2 {[%emt 0:00:04]} Nxc3 {[%emt 0:00:02]} 12. bxc3 {[%emt 0:00:01]} Nd7 {[%emt 0:00:00]} 13. Rc1 {[%emt 0:00:01]} Rfe8 {[%emt 0:00:01]} 14. c4 {[%emt 0:00:01]} dxc4 {[%emt 0:00:01]} 15. Rxc4 {[%emt 0:00:01]} Nb6 {[%emt 0:00:01]} 16. Rc1 {[%emt 0:00:01]} Nd5 {[%emt 0:00:00]} 17. Bc4 {[%emt 0:00:02]} Rad8 {[%emt 0:00:00]} 18. Bxd5 {[%emt 0:00:01]} Rxd5 {[%emt 0:00:02]} 19. h3 {[%emt 0:00:02]} Bh5 {[%emt 0:00:02]} 20. g4 {[%emt 0:00:01]} Bg6 {[%emt 0:00:01]} 21. Ne5 {[%emt 0:00:01]} Be4 {[%emt 0:00:00]} 22. f3 {[%emt 0:00:02]} Rxe5 {[%emt 0:00:01]} 23. dxe5 {[%emt 0:00:01]} Bd5 {[%emt 0:00:02]} 24. e4 {[%emt 0:00:01]} Bxa2 {[%emt 0:00:01]} 25. Ra1 {[%emt 0:00:02]} Qc5+ {[%emt 0:00:04]} 26. Kg2 {[%emt 0:00:05]} Be6 {[%emt 0:00:00]} 27. Rb1 {[%emt 0:00:05]} g6 {[%emt 0:00:00]} 28. Rxb7 {[%emt 0:00:02]} Qe7 {[%emt 0:00:00]} 29. Rxe7 {[%emt 0:00:02]} Rxe7 {[%emt 0:00:00]} 30. f4 {[%emt 0:00:01]} Kg7 {[%emt 0:00:00]} 31. f5 {[%emt 0:00:01]} Rd7 {[%emt 0:00:00]} 32. Qa1 {[%emt 0:00:04]} gxf5 {[%emt 0:00:00]} 33. gxf5 {[%emt 0:00:01]} Bc4 {[%emt 0:00:02]} 34. Kh2 {[%emt 0:00:01]} Bb5 {[%emt 0:00:01]} 35. Rg1+ {[%emt 0:00:01]} Kf8 {[%emt 0:00:03]} 36. Qa3+ {[%emt 0:00:00]} Ke8 {[%emt 0:00:01]} 37. Rg8# {[%emt 0:00:01] (Lag: Av=0.50s, max=1.2s)} 1-0

[Event "Stay Safe Play From Home 196"]
[Site "T#646541Emanuel Laske"]
[Date "2020.06.03"]
[Round "4"]
[White "Mepe_Nika"]
[Black "Broken sword"]
[Result "1-0"]
[WhiteElo "2339"]
[BlackElo "2481"]
[Annotator "TA"]
[PlyCount "87"]
[EventDate "2020.06.03"]
[EventType "swiss (blitz)"]

{[%evp 9,86,-7,41,0,1,11,53,57,53,54,54,38,73,47,51,0,0,0,0,0,5,17,21,27,35,21,31,0,0,0,0,0,0,0,458,20,341,0,0,0,0,6,109,109,109,37,35,26,102,87,87,87,142,142,142,142,142,127,126,113,101,51,37,37,37,0,0,0,0,24,24,24,24,24,24,0,368,296,29999]} 1. d4 d5 2. Bf4 c6 3. e3 Qb6 4. Nd2 Bf5 {[#]} 5. c4 $146 ({Predecessor:} 5. Qc1 Nd7 6. c4 e6 7. c5 Qd8 8. b4 Ne7 9. Qc3 h6 10. b5 Ng6 11. Bg3 Be7 12. bxc6 bxc6 {1-0 (36) Celan,M (1429)-Tittarelli,A (1043) LSS email 2013}) 5... e6 6. Qb3 {D00: 1 d4 d5: Unusual lines.} Nd7 7. Ngf3 Ngf6 8. c5 {White is slightly better.} Qxb3 9. axb3 a6 10. b4 Rc8 11. Nb3 Nh5 $1 12. Na5 (12. Bd6 $14) 12... Nxf4 $11 13. exf4 Rc7 $1 14. Kd2 Be7 15. Bd3 Bg4 16. Ne5 Nxe5 17. fxe5 f6 18. f4 fxe5 19. fxe5 O-O 20. Rhf1 Bg5+ 21. Kc3 Bh5 $2 {[%mdl 8192] [#]} (21... g6 $11) 22. h3 $2 (22. Bxh7+ $1 $18 {[%mdl 512]} Kxh7 23. Rxf8) 22... h6 $2 {[%mdl 8192] [#]} (22... Rxf1 $11 23. Rxf1 Bh4) 23. g4 $2 (23. Bh7+ $1 $18 {[%mdl 512]} Kxh7 24. Rxf8) 23... Rxf1 24. Rxf1 Be8 25. Rh1 Bd7 (25... Bh4 $11 {keeps the balance.}) 26. h4 $36 {[%mdl 2048] White has strong initiative.} Be7 27. Rh3 (27. Bg6 $16) 27... Bc8 28. Bg6 Bd8 (28... Rd7 $1 $11) 29. h5 Re7 30. Rf3 Bxa5 (30... Rd7 $142) 31. bxa5 {[%mdl 4096] Endgame KRB-KRB} Bd7 32. Kd2 Be8 33. Bxe8 Rxe8 {KR-KR} 34. Rb3 Re7 35. Ke3 Kh7 36. Kf2 g6 37. hxg6+ Kxg6 38. Kg3 {Black must now prevent Rf3.} Kg5 39. Rf3 {Hoping for Rf6.} h5 40. gxh5 Kxh5 41. Rf8 Kg5 42. Rf6 Kh5 $2 {[%mdl 8192]} (42... Rh7 $11 {and Black has nothing to worry.}) 43. Kf4 $18 Kh4 $2 (43... Rg7 $18 44. Rxe6 Rg2) 44. Rh6# {Accuracy: White = 69%, Black = 63%.} 1-0

[Event "Stay Safe Play From Home 196"]
[Site "T#646541Emanuel Laske"]
[Date "2020.06.03"]
[Round "4"]
[White "Little champs"]
[Black "SoulofWolf"]
[Result "1-0"]
[WhiteElo "2159"]
[BlackElo "2230"]
[Annotator "TA"]
[PlyCount "141"]
[EventDate "2020.06.03"]
[EventType "swiss (blitz)"]

{[%evp 9,141,24,56,31,157,131,173,123,118,118,156,179,256,195,519,368,975,970,1169,1162,1146,1100,1213,1210,1182,1159,1146,1123,1284,1277,1898,1762,1566,1461,29985,1380,1566,1545,1783,1115,1316,1229,1243,1234,1226,1239,1235,1205,1509,1115,1452,1395,2981,2797,5894,7246,3087,3053,2397,1557,1536,1540,2318,2408,2302,2402,2286,2192,2310,1896,2469,1722,2581,2430,29990,29984,29984,29985,29984,29972,29964,6131,29975,10757,29978,29979,29979,29980,29982,29984,29982,29980,29990,29991,29991,29992,29992,29992,29993,29993,29993,29992,29992,29992,29993,29993,29994,29994,29997,29989,29994,29995,29999,29993,29993,29992,29992,29993,29994,29994,29998,29996,29996,29989,29989,29990,29990,29989,29992,29991,29994,29995,29995,4902]} 1. d4 e6 2. e3 d5 3. Nf3 Ne7 4. Be2 c5 5. O-O Nbc6 6. dxc5 {[#] D02: 1 d4 d5 2 Nf3 sidelines, including 2...Nf6 3 g3 and 2...Nf6 3 Bf4.} a5 $146 ({Better is} 6... Nf5 $14) ({Predecessor:} 6... Ng6 7. c4 dxc4 8. Qxd8+ Nxd8 9. Bxc4 Bxc5 10. a3 a6 11. b4 Bd6 12. Bb2 b5 {0-1 (60) Landa,K (2515)-Gyimesi,Z (2525) Balatonbereny 1995}) 7. c4 g6 8. a3 {White is clearly better.} Bg7 9. cxd5 Qxd5 10. Qc2 e5 (10... b6 $142 11. cxb6 Qd8) 11. Rd1 Qe6 $2 (11... Bf5 {is a better chance.} 12. Qc3 (12. Rxd5 Bxc2 13. Rd2 Bb3 $16) 12... Qe6) 12. Nc3 {[%cal Bb1c3,Bc3e4,Be4d6][%mdl 32]} Qf6 $2 (12... O-O 13. Rd6 Qg4) 13. Ne4 $18 Qf5 14. Nd6+ {[%mdl 64] Double Attack, Discovered Attack} Kf8 15. Nxf5 Bxf5 16. e4 Be6 17. Be3 h6 18. Rd6 g5 19. Rad1 Nc8 {[#]} 20. Rxe6 $1 fxe6 21. Qc4 Ke7 {[#]} 22. Nd2 (22. Nxg5 $142 $1 hxg5 23. Bxg5+ Bf6 24. Bg4 Nd4 25. Rxd4 Ra6 {[#]} 26. Rd6 $1 {[%mdl 512]} Kf8 27. Bxf6) 22... N8a7 23. Nb3 Rad8 24. Rc1 Nc8 25. Qb5 Rd7 26. Nxa5 N8a7 27. Nxc6+ Nxc6 28. b4 {[%cal Bb2b4,Bb4b5,Bb5c6,Bc6c7][%mdl 32]} h5 29. Qa4 Bf6 30. b5 Nb8 31. c6 bxc6 32. bxc6 Rc7 33. Qb4+ Kf7 34. Bb5 Rhc8 35. Bb6 Re7 36. c7 Nd7 37. Bxd7 Rxd7 38. a4 {[%cal Ba3a4,Ba4a5][%mdl 32]} Be7 39. Qb1 Bd6 40. a5 Ke7 41. a6 Ra8 42. a7 Bxc7 43. Bxc7 Rxa7 44. Bb6 Rab7 45. Bc5+ Kf7 46. Qc2 (46. Qa1 $142 Kf6 47. Qa8 Rbc7 48. Qh8+ Kg6 49. Qxe5 Rc6 50. Rb1 Kh7 51. Qxg5 Rxc5 52. Qxc5) 46... Rbc7 47. g3 {White mates.} Kf6 48. Qe2 g4 49. Qe3 Kg6 50. h4 Rc6 51. Qg5+ {[%mdl 64] Double Attack} Kf7 52. Qxh5+ Kg7 53. Qxg4+ Kf7 54. Qh5+ {[%mdl 64] Double Attack} Kg7 55. Qxe5+ Kf7 56. Rc4 Rdc7 57. h5 Rc8 58. h6 Kg6 59. Qf4 e5 60. Qg4+ Kh7 61. Rc3 {[%csl Gh6][%cal Rg4g7]} R8c7 62. Rf3 Rg6 {[#]} 63. Qf5 $1 Kxh6 64. Bf8+ Rcg7 65. Bxg7+ Rxg7 {[#]} 66. Qf7 $3 Rxf7 67. Rxf7 Kg6 68. Re7 Kg5 69. Rxe5+ Kg4 70. Rf5 Kh3 71. Rh5+ {Accuracy: White = 70%, Black = 12%.} (71. f3 $142 Kxg3 72. e5 Kh3 73. Kf2 Kh4 74. e6 Kh3 75. Rh5#) 1-0

[Event "Stay Safe Play From Home 196"]
[Site "T#646541Emanuel Laske"]
[Date "2020.06.03"]
[Round "4"]
[White "Lazieri3"]
[Black "GIULIO19031975"]
[Result "1-0"]
[WhiteElo "1996"]
[BlackElo "1814"]
[Annotator "NA RC"]
[PlyCount "69"]
[EventDate "2020.06.03"]
[EventType "swiss (blitz)"]

1. e4 {[%emt 0:00:01]} c5 {[%emt 0:00:01]} 2. Nc3 {[%emt 0:00:01]} e6 {[%emt 0:00:00]} 3. d3 {[%emt 0:00:00]} d5 {[%emt 0:00:00]} 4. Nf3 {[%emt 0:00:00]} d4 {[%emt 0:00:00]} 5. Ne2 {[%emt 0:00:02]} Nc6 {[%emt 0:00:00]} 6. Bg5 {[%emt 0:00:01]} Be7 {[%emt 0:00:01]} 7. Bxe7 {[%emt 0:00:01]} Qxe7 {[%emt 0:00:01]} 8. g3 {[%emt 0:00:00]} h6 {[%emt 0:00:01]} 9. Bg2 {[%emt 0:00:00]} Nf6 {[%emt 0:00:00]} 10. h4 {[%emt 0:00:00]} Bd7 {[%emt 0:00:01]} 11. O-O {[%emt 0:00:01]} O-O-O {[%emt 0:00:01]} 12. Nh2 {[%emt 0:00:00]} e5 {[%emt 0:00:00]} 13. f4 {[%emt 0:00:00]} g5 {[%emt 0:00:02]} 14. fxg5 {[%emt 0:00:01]} hxg5 {[%emt 0:00:01]} 15. hxg5 {[%emt 0:00:00]} Ng4 {[%emt 0:00:01]} 16. Nxg4 {[%emt 0:00:01]} Bxg4 {[%emt 0:00:01]} 17. Qd2 {[%emt 0:00:03]} f5 {[%emt 0:00:04]} 18. exf5 {[%emt 0:00:03]} Qh7 {[%emt 0:00:01]} 19. f6 {[%emt 0:00:07]} Qh2+ {[%emt 0:00:01]} 20. Kf2 {[%emt 0:00:01]} e4 {[%emt 0:00:03]} 21. dxe4 {[%emt 0:00:02]} Ne5 {[%emt 0:00:01]} 22. Rh1 {[%emt 0:00:01]} Bxe2 {[%emt 0:00:11]} 23. Rxh2 {[%emt 0:00:03]} Ng4+ {[%emt 0:00:01]} 24. Kxe2 {[%emt 0:00:01]} Rxh2 {[%emt 0:00:02]} 25. Kf3 {[%emt 0:00:05]} Ne3 {[%emt 0:00:02]} 26. Qd3 {[%emt 0:00:07]} Rxg2 {[%emt 0:00:01]} 27. c3 {[%emt 0:00:01]} Rh8 {[%emt 0:00:02]} 28. cxd4 {[%emt 0:00:02]} cxd4 {[%emt 0:00:01]} 29. Rc1+ {[%emt 0:00:02]} Kb8 {[%emt 0:00:02]} 30. Qxd4 {[%emt 0:00:01]} Rgh2 {[%emt 0:00:12]} 31. Qxe3 {[%emt 0:00:02]} a6 {[%emt 0:00:01]} 32. Qf4+ {[%emt 0:00:01]} Ka7 {[%emt 0:00:02]} 33. f7 {[%emt 0:00:00]} R8h3 {[%emt 0:00:01]} 34. f8=Q {[%emt 0:00:01]} Rg2 {[%emt 0:00:01]} 35. Qc5+ {[%emt 0:00:02] (Lag: Av=0.41s, max=0.9s)} 1-0

[Event "Stay Safe Play From Home 196"]
[Site "T#646541Emanuel Laske"]
[Date "2020.06.03"]
[Round "4"]
[White "Buzaglo"]
[Black "Fischer_11"]
[Result "0-1"]
[WhiteElo "1926"]
[BlackElo "2057"]
[Annotator "NA RC"]
[PlyCount "144"]
[EventDate "2020.06.03"]
[EventType "swiss (blitz)"]

1. d4 {[%emt 0:00:01]} e5 {[%emt 0:00:02]} 2. Nf3 {[%emt 0:00:00]} Nc6 {[%emt 0:00:01]} 3. dxe5 {[%emt 0:00:01]} Qe7 {[%emt 0:00:00]} 4. Nc3 {[%emt 0:00:01]} Nxe5 {[%emt 0:00:00]} 5. e4 {[%emt 0:00:00]} Nxf3+ {[%emt 0:00:01]} 6. Qxf3 {[%emt 0:00:01]} Qf6 {[%emt 0:00:00]} 7. Qxf6 {[%emt 0:00:01]} Nxf6 {[%emt 0:00:00]} 8. Bd3 {[%emt 0:00:01]} Bb4 {[%emt 0:00:00]} 9. O-O {[%emt 0:00:01]} Bxc3 {[%emt 0:00:01]} 10. bxc3 {[%emt 0:00:00]} O-O {[%emt 0:00:01]} 11. Ba3 {[%emt 0:00:01]} Re8 {[%emt 0:00:01]} 12. f3 {[%emt 0:00:01]} d5 {[%emt 0:00:01]} 13. exd5 {[%emt 0:00:03]} Nxd5 {[%emt 0:00:00]} 14. c4 {[%emt 0:00:01]} Nf4 {[%emt 0:00:02]} 15. Bc5 {[%emt 0:00:03]} b6 {[%emt 0:00:02]} 16. Bf2 {[%emt 0:00:02]} Ne2+ {[%emt 0:00:05]} 17. Kh1 {[%emt 0:00:03]} Nf4 {[%emt 0:00:05]} 18. Rfe1 {[%emt 0:00:01]} Be6 {[%emt 0:00:01]} 19. Be4 {[%emt 0:00:03]} Rad8 {[%emt 0:00:02]} 20. Rad1 {[%emt 0:00:02]} Bxc4 {[%emt 0:00:06]} 21. Bc6 {[%emt 0:00:04]} Rxe1+ {[%emt 0:00:02]} 22. Rxe1 {[%emt 0:00:01]} Be6 {[%emt 0:00:03]} 23. Bg3 {[%emt 0:00:02]} Nd5 {[%emt 0:00:01]} 24. Bxd5 {[%emt 0:00:02]} Rxd5 {[%emt 0:00:00]} 25. Bxc7 {[%emt 0:00:01]} Rd2 {[%emt 0:00:01]} 26. c4 {[%emt 0:00:03]} Rxa2 {[%emt 0:00:02]} 27. Bd6 {[%emt 0:00:03]} h6 {[%emt 0:00:02]} 28. c5 {[%emt 0:00:01]} bxc5 {[%emt 0:00:02]} 29. Bxc5 {[%emt 0:00:00]} a5 {[%emt 0:00:00]} 30. Bb6 {[%emt 0:00:01]} a4 {[%emt 0:00:01]} 31. Rc1 {[%emt 0:00:01]} a3 {[%emt 0:00:01]} 32. h3 {[%emt 0:00:01]} Rb2 {[%emt 0:00:01]} 33. Ra1 {[%emt 0:00:01]} a2 {[%emt 0:00:01]} 34. Kh2 {[%emt 0:00:01]} Rb1 {[%emt 0:00:01]} 35. Rxa2 {[%emt 0:00:02]} Bxa2 {[%emt 0:00:00]} 36. Bd4 {[%emt 0:00:01]} Rd1 {[%emt 0:00:01]} 37. Be5 {[%emt 0:00:01]} Rd5 {[%emt 0:00:01]} 38. Bf4 {[%emt 0:00:00]} Rd4 {[%emt 0:00:01]} 39. Be3 {[%emt 0:00:00]} Rd3 {[%emt 0:00:01]} 40. Bf2 {[%emt 0:00:00]} Bd5 {[%emt 0:00:01]} 41. Bg3 {[%emt 0:00:00]} Bxf3 {[%emt 0:00:01]} 42. gxf3 {[%emt 0:00:01]} Rxf3 {[%emt 0:00:00]} 43. Be5 {[%emt 0:00:01]} Re3 {[%emt 0:00:01] Buzaglo reconnected.} 44. Bd6 {[%emt 0:00:00]} Re2+ {[%emt 0:00:00]} 45. Kg3 {[%emt 0:00:01]} g6 {[%emt 0:00:00]} 46. Kf4 {[%emt 0:00:00]} Rc2 {[%emt 0:00:00]} 47. Kf3 {[%emt 0:00:00]} Rc6 {[%emt 0:00:01]} 48. Bf4 {[%emt 0:00:00]} Re6 {[%emt 0:00:00]} 49. Bg3 {[%emt 0:00:01]} Kh7 {[%emt 0:00:00]} 50. Kg4 {[%emt 0:00:00]} f5+ {[%emt 0:00:00]} 51. Kf3 {[%emt 0:00:00]} Rf6 {[%emt 0:00:00]} 52. Kg2 {[%emt 0:00:00]} g5 {[%emt 0:00:00]} 53. Bh2 {[%emt 0:00:01]} Kg6 {[%emt 0:00:00]} 54. h4 {[%emt 0:00:00]} Re6 {[%emt 0:00:00]} 55. h5+ {[%emt 0:00:00]} Kxh5 {[%emt 0:00:01]} 56. Bg3 {[%emt 0:00:00]} Kg6 {[%emt 0:00:00]} 57. Bf2 {[%emt 0:00:00]} Re4 {[%emt 0:00:00]} 58. Kg1 {[%emt 0:00:00]} h5 {[%emt 0:00:00]} 59. Bg3 {[%emt 0:00:00]} h4 {[%emt 0:00:00]} 60. Bh2 {[%emt 0:00:00]} Rg4+ {[%emt 0:00:00]} 61. Kh1 {[%emt 0:00:01]} Rb4 {[%emt 0:00:00]} 62. Bg1 {[%emt 0:00:00]} Rb1 {[%emt 0:00:00]} 63. Kh2 {[%emt 0:00:00]} Rxg1 {[%emt 0:00:00]} 64. Kxg1 {[%emt 0:00:01]} g4 {[%emt 0:00:00]} 65. Kf1 {[%emt 0:00:00]} Kg5 {[%emt 0:00:00]} 66. Kg1 {[%emt 0:00:00]} f4 {[%emt 0:00:00]} 67. Kh1 {[%emt 0:00:00]} f3 {[%emt 0:00:00]} 68. Kg1 {[%emt 0:00:00]} Kf4 {[%emt 0:00:00]} 69. Kf1 {[%emt 0:00:00]} Ke4 {[%emt 0:00:00]} 70. Kg1 {[%emt 0:00:00]} Ke3 {[%emt 0:00:00]} 71. Kf1 {[%emt 0:00:00]} f2 {[%emt 0:00:00]} 72. Kg2 {[%emt 0:00:01]} Ke2 {[%emt 0:00:00] Time (Lag: Av=0.45s, max=1.0s)} 0-1

[Event "Stay Safe Play From Home 196"]
[Site "T#646541Emanuel Laske"]
[Date "2020.06.03"]
[Round "4"]
[White "EL sanbary"]
[Black "Bigwig911"]
[Result "1-0"]
[WhiteElo "1918"]
[BlackElo "1460"]
[Annotator "NA RC"]
[PlyCount "47"]
[EventDate "2020.06.03"]
[EventType "swiss (blitz)"]

1. c4 {[%emt 0:00:01]} c6 {[%emt 0:00:01]} 2. g3 {[%emt 0:00:01]} d5 {[%emt 0:00:00]} 3. cxd5 {[%emt 0:00:01]} cxd5 {[%emt 0:00:02]} 4. d4 {[%emt 0:00:01]} Nf6 {[%emt 0:00:00]} 5. Bg2 {[%emt 0:00:01]} Bg4 {[%emt 0:00:00]} 6. Nf3 {[%emt 0:00:00]} e6 {[%emt 0:00:01]} 7. O-O {[%emt 0:00:01]} Be7 {[%emt 0:00:00]} 8. Ne5 {[%emt 0:00:01]} O-O {[%emt 0:00:02]} 9. Nc3 {[%emt 0:00:01]} Bf5 {[%emt 0:00:01]} 10. Be3 {[%emt 0:00:02]} Nbd7 {[%emt 0:00:00]} 11. Qd2 {[%emt 0:00:02]} Nxe5 {[%emt 0:00:01]} 12. dxe5 {[%emt 0:00:01]} Nd7 {[%emt 0:00:01]} 13. f4 {[%emt 0:00:02]} Rc8 {[%emt 0:00:02]} 14. Kh1 {[%emt 0:00:02]} Nc5 {[%emt 0:00:01]} 15. h3 {[%emt 0:00:02]} h6 {[%emt 0:00:05]} 16. Bxc5 {[%emt 0:00:02]} Bxc5 {[%emt 0:00:01]} 17. g4 {[%emt 0:00:01]} Bh7 {[%emt 0:00:02]} 18. f5 {[%emt 0:00:01]} d4 {[%emt 0:00:01]} 19. Ne4 {[%emt 0:00:02]} exf5 {[%emt 0:00:01]} 20. gxf5 {[%emt 0:00:01]} Qb6 {[%emt 0:00:10]} 21. f6 {[%emt 0:00:02]} g5 {[%emt 0:00:02]} 22. Nxg5 {[%emt 0:00:09]} hxg5 {[%emt 0:00:02]} 23. Qxg5+ {[%emt 0:00:00]} Kh8 {[%emt 0:00:01]} 24. Qg7# {[%emt 0:00:01] (Lag: Av=0.46s, max=0.8s)} 1-0

[Event "Stay Safe Play From Home 196"]
[Site "T#646541Emanuel Laske"]
[Date "2020.06.03"]
[Round "4"]
[White "NeatFox"]
[Black "Grizzzly"]
[Result "1-0"]
[WhiteElo "1750"]
[BlackElo "1715"]
[Annotator "NA RC"]
[PlyCount "25"]
[EventDate "2020.06.03"]
[EventType "swiss (blitz)"]

1. g4 {[%emt 0:00:04]} d5 {[%emt 0:00:02]} 2. Bg2 {[%emt 0:00:00]} c5 {[%emt 0:00:01]} 3. c4 {[%emt 0:00:00]} Nf6 {[%emt 0:00:03]} 4. Qb3 {[%emt 0:00:01]} Qb6 {[%emt 0:00:01]} 5. Qxb6 {[%emt 0:00:01]} axb6 {[%emt 0:00:00]} 6. g5 {[%emt 0:00:00]} Ne4 {[%emt 0:00:02]} 7. d3 {[%emt 0:00:01]} Nxg5 {[%emt 0:00:04]} 8. Bxd5 {[%emt 0:00:02]} Nc6 {[%emt 0:00:02]} 9. Bxg5 {[%emt 0:00:01]} e6 {[%emt 0:00:01]} 10. Bxc6+ {[%emt 0:00:02]} bxc6 {[%emt 0:00:01]} 11. Nc3 {[%emt 0:00:01]} Be7 {[%emt 0:00:02]} 12. Bxe7 {[%emt 0:00:01]} Kxe7 {[%emt 0:00:00]} 13. Nf3 {[%emt 0:00:01] Grizzzly gibt auf (Lag: Av=0.31s, max=0.9s)} 1-0

[Event "Stay Safe Play From Home 196"]
[Site "T#646541Emanuel Laske"]
[Date "2020.06.03"]
[Round "4"]
[White "Matanant"]
[Black "Meini"]
[Result "1-0"]
[WhiteElo "1687"]
[BlackElo "1626"]
[Annotator "NA RC"]
[PlyCount "43"]
[EventDate "2020.06.03"]
[EventType "swiss (blitz)"]

1. e4 {[%emt 0:00:03]} c6 {[%emt 0:00:01]} 2. f4 {[%emt 0:00:01]} d5 {[%emt 0:00:01]} 3. e5 {[%emt 0:00:01]} Bf5 {[%emt 0:00:01]} 4. Nf3 {[%emt 0:00:00]} e6 {[%emt 0:00:01]} 5. d4 {[%emt 0:00:01]} c5 {[%emt 0:00:01]} 6. Bd3 {[%emt 0:00:00]} Nc6 {[%emt 0:00:01]} 7. Bxf5 {[%emt 0:00:01]} exf5 {[%emt 0:00:01]} 8. c3 {[%emt 0:00:00]} Qb6 {[%emt 0:00:02]} 9. O-O {[%emt 0:00:03]} O-O-O {[%emt 0:00:01]} 10. a3 {[%emt 0:00:03]} f6 {[%emt 0:00:01]} 11. b4 {[%emt 0:00:01]} cxd4 {[%emt 0:00:03]} 12. cxd4 {[%emt 0:00:02]} fxe5 {[%emt 0:00:02]} 13. fxe5 {[%emt 0:00:01]} Nge7 {[%emt 0:00:06]} 14. Be3 {[%emt 0:00:07]} Ng6 {[%emt 0:00:03]} 15. Nbd2 {[%emt 0:00:03]} Ncxe5 {[%emt 0:00:03]} 16. Nxe5 {[%emt 0:00:02]} Nxe5 {[%emt 0:00:02]} 17. Rxf5 {[%emt 0:00:01]} Bd6 {[%emt 0:00:12]} 18. Nb3 {[%emt 0:00:03]} Nc4 {[%emt 0:00:04]} 19. Bf4 {[%emt 0:00:02]} Bxf4 {[%emt 0:00:07]} 20. Rxf4 {[%emt 0:00:01]} Rhe8 {[%emt 0:00:04]} 21. Nc5 {[%emt 0:00:03]} Qd6 {[%emt 0:00:02]} 22. Qf3 {[%emt 0:00:03] Zeit (Lag: Av=0.50s, max=3.0s)} 1-0

[Event "Stay Safe Play From Home 196"]
[Site "T#646541Emanuel Laske"]
[Date "2020.06.03"]
[Round "5"]
[White "Broken sword"]
[Black "Lazieri3"]
[Result "1-0"]
[WhiteElo "2458"]
[BlackElo "2004"]
[Annotator "TA"]
[PlyCount "89"]
[EventDate "2020.06.03"]
[EventType "swiss (blitz)"]

{[%evp 10,89,28,2,7,8,4,-18,0,-2,0,1,10,8,12,-57,5,-5,18,2,10,0,50,16,100,8,83,77,103,89,89,79,150,26,66,21,80,89,66,58,59,61,247,77,69,69,114,102,160,79,297,267,378,339,417,391,393,283,415,372,5185,2870,2643,1829,6216,6216,29980,29981,29978,29983,29983,29984,29983,29982,29985,29986,29987,29988,29989,29990,29990,29991]} 1. e4 c6 2. d4 d5 3. Nc3 dxe4 4. Nxe4 Nf6 5. Ng3 Bg4 6. Be2 (6. Qd3 {with more complications.} c5 7. dxc5 Nc6 8. Be3 e5 9. h3) 6... Bxe2 {B15: Caro-Kann: 3 Nc3: 3...g6 and 3...dxe4 4 Nxe4 Nf6 5 Nxf6+ exf6.} 7. N1xe2 e6 8. Bg5 {[#]} h6 $146 {The position is equal.} ({Predecessor:} 8... Qa5+ 9. Qd2 Qxd2+ 10. Bxd2 Bd6 11. Bf4 Bxf4 12. Nxf4 a5 13. O-O b5 14. Rfe1 O-O {½-½ (63) Pfeffer,G (1627)-Smith,M (2166) Edmonton 2015}) 9. Bxf6 Qxf6 10. c3 Bd6 11. Qb3 $36 {[%mdl 2048] White fights for an advantage.} b6 12. O-O-O (12. Ne4 $11 Qe7 13. f4) 12... Nd7 ({Black should play} 12... Qxf2 $15 13. Rhg1 Nd7) 13. Rhf1 O-O-O 14. Kb1 Kb7 15. Qc2 e5 16. Ne4 Qe7 (16... Qg6 $11 {keeps the balance.}) 17. d5 (17. N2g3 $1 $16 {[%cal Rg3f5] aiming for Nf5.} Bc7 18. Nf5) 17... c5 (17... cxd5 $11 18. Rxd5 Bc7) 18. c4 $16 Nf6 19. N2c3 Nxe4 20. Nxe4 f5 (20... g6 $142) 21. Nc3 (21. Nxd6+ $16 Qxd6 22. Qxf5) 21... e4 22. f3 {[%cal Rf3e4]} ({Reject} 22. Qa4 $6 Be5 $11) (22. Rde1 {looks sharper.} Rhf8 23. f3 Bxh2 24. fxe4 Bg3 25. Re3) 22... Bxh2 (22... e3 $11 {remains equal.}) 23. fxe4 fxe4 24. Qxe4 (24. Nxe4 {feels hotter.} Be5 25. Rd2 Rhe8 26. Re2 Kb8 27. Qa4) 24... Qxe4+ 25. Nxe4 {Strongly threatening g3.} Rhf8 $2 (25... Rde8 $14 26. Rde1 Rhf8 27. Rxf8 Rxf8) 26. Kc2 $2 (26. g3 $1 $18 {is the precise move to win.}) 26... Be5 27. b3 Bd4 {White leaves nothing to chance now.} 28. Kd3 Kc7 {[#]} (28... Be5 $142) 29. a4 (29. b4 $142 $1) 29... h5 $2 {[#]} (29... a5 $16 {was necessary.}) 30. Ng5 $1 $18 {[%cal Rg5e6]} Rxf1 (30... Rfe8 {keeps fighting.} 31. Ne6+ Rxe6 32. Rf7+ Kd6 33. dxe6 Kxe6 34. Rxa7 Kf5) 31. Rxf1 {[%mdl 4096] Endgame KRB-KRN} Re8 32. Ne6+ Kd6 33. Rf5 ({Less strong is} 33. Nxd4 cxd4 34. b4 (34. Kxd4 Re2 $16) 34... a5 $18) 33... g6 (33... Ba1 $142 34. Rxh5 Be5) 34. Rf7 Re7 $2 (34... a5 35. Rb7 Ke5 36. Rxb6 Bg1) 35. Rxe7 Kxe7 36. Nxd4 cxd4 37. Kxd4 {KP-KP} Kd6 38. b4 {[%cal Bb3b4,Bb4c5][%mdl 32] White mates.} g5 39. c5+ bxc5+ 40. bxc5+ Kc7 41. Ke5 h4 42. Kf5 h3 43. gxh3 a5 44. Kxg5 Kd7 45. Kf5 {Accuracy: White = 67%, Black = 33%.} 1-0